000
00311nam a22001217a 4500
999
_c
3027
_d
3027
005
20200925152708.0
008
200925b ||||| |||| 00| 0 eng d
020
_a
9781842550670
040
_c
CML
245
_a
Horrid Henry's Underpants.
_c
Simon, F.
260
_a
London
_b
Clays Ltd
_c
2003
942
_2
ddc
_c
BK
_k
F
_m
SIM